000
00281nam a2200109Ia 4500
008
201231s9999 xx 000 0 und d
100
_a
Shapira, Zur (Ed.)
245
0
_a
Organisational decision making
260
_a
New York
_b
Cambridge University Press
300
_a
397
942
_c
BK
999
_c
9496
_d
9496